| 000 | 00823nam a2200217Ii 4500 | ||
|---|---|---|---|
| 003 | JO-AjNU | ||
| 008 | 230605s9999||||xx |||||||||||||| ||und|| | ||
| 017 | _a1996/7/948 | ||
| 040 |
_aJO-AjNU _bara _erda _cJO-AjNU |
||
| 041 | _aara | ||
| 050 | 1 | 4 | _aBP75.2 1996 |
| 100 | 3 |
_aجمع وتقديم: أبو سنينة، محمود طالب أبو حسين, _eauthor _956453 |
|
| 245 | 0 | 0 | _aمقتطفات من رسول الله محمد صلى الله عليه وسلم الجسدية والخلقية وعلامات نبوته |
| 250 | _aط1 | ||
| 264 | 3 | 1 | _aد.م: د.ن، 1996 |
| 300 | _a80ص | ||
| 336 |
_atext _btxt _2rdacontent |
||
| 337 |
_aunmediated _bn _2rdamedia |
||
| 338 |
_avolume _bnc _2rdacarrier |
||
| 650 | 4 |
_aالسيرة النبوية- اخلاق الرسول صلى الله عليه وسلم _956454 |
|
| 999 |
_aA25239 _c28807 _d28807 |
||